[Event "FRA-ch U26"]
[Site "Bastia"]
[Date "2024.04.06"]
[Round "6"]
[White "Pheng, Wissam"]
[Black "Mathieu, Phileas"]
[Result "1-0"]
[WhiteElo "1975"]
[BlackElo "2325"]
[PlyCount "131"]
[EventDate "2024.04.06"]
[EventType "swiss"]
[EventRounds "9"]
[EventCountry "FRA"]
[SourceTitle "CB16_2024"]
[SourceDate "2024.04.17"]
[SourceVersion "1"]
[SourceVersionDate "2024.04.17"]
[SourceQuality "1"]

1. e4 c5 2. b3 Nc6 3. Bb2 d6 4. Bb5 Bd7 5. f4 a6 6. Bxc6 Bxc6 7. d3 e6 8. Nf3 Nf6 9. 0-0 Qc7 10. Qe2 Be7 11. Nbd2 0-0-0 12. a4 h6 13. e5 Nd5 14. exd6 Bxd6 15. Ne5 Rhe8 16. Ndc4 f6 17. Nxd6+ Qxd6 18. Nf7 Qc7 19. Nxd8 Kxd8 20. g3 Qd7 21. Rad1 Kc8 22. d4 cxd4 23. Bxd4 e5 24. fxe5 fxe5 25. Bb2 Qc7 26. Rd3 Kb8 27. Rf5 Qb6+ 28. Kf1 Ka8 29. Qf2 Qc7 30. Rf8 Qc8 31. Rxe8 Qxe8 32. Rf3 Nf6 33. Rf5 Nd7 34. Qe3 g6 35. Rf2 Qe6 36. Re2 Qd5 37. Bxe5 Nc5 38. Bd4 Qh1+ 39. Qg1 Qf3+ 40. Ke1 Ne4 41. Qf1 Ng5 42. h4 Qxg3+ 43. Qf2 Nf3+ 44. Kd1 Qg4 45. Bb6 Qb4 46. Qc5 Qxc5 47. Bxc5 Nxh4 48. Re6 Kb8 49. Bb6 Kc8 50. Rd6 Bd7 51. Rf6 Bf5 52. Rd6 Bd7 53. Ke2 g5 54. Rxh6 Bg4+ 55. Ke1 Kd7 56. Rh7+ Kc6 57. a5 Bf5 58. Rg7 Bxc2 59. b4 Ng6 60. Kd2 Bf5 61. Ke3 g4 62. Rc7+ Kb5 63. Rc5+ Kxb4 64. Rxf5 g3 65. Rg5 Ne7 66. Bc5+ 1-0

[Event "Titled Tuesday intern op 16th Jan Late"]
[Site "Chess.com INT"]
[Date "2024.01.16"]
[Round "4"]
[White "Cuenca Jimenez, Jose Fernando"]
[Black "Mathieu, Phileas"]
[Result "1-0"]
[WhiteElo "2514"]
[BlackElo "2338"]
[PlyCount "67"]
[EventDate "2024.01.16"]
[EventType "swiss (blitz)"]
[EventRounds "11"]
[EventCountry "USA"]
[SourceTitle "CB04_2024"]
[SourceDate "2023.10.16"]
[SourceVersion "1"]
[SourceVersionDate "2023.10.16"]
[SourceQuality "1"]

1. d4 Nf6 2. Bf4 c5 3. e3 d5 4. dxc5 Nc6 5. Bb5 Ne4 6. b4 g5 7. Be5 f6 8. Bb2 g4 9. Nd2 Bf5 10. Ne2 Bh6 11. Ng3 Nxg3 12. hxg3 Bg5 13. c4 0-0 14. cxd5 Nxb4 15. e4 Bg6 16. a3 Na6 17. Bxa6 bxa6 18. 0-0 Qa5 19. Nb3 Qa4 20. Nd4 Qxd1 21. Rfxd1 Rfb8 22. Bc3 Bxe4 23. Ne6 Rb3 24. Bb4 Bc2 25. Rd4 Rd3 26. Rxd3 Bxd3 27. d6 exd6 28. cxd6 Bf5 29. Nc7 Rd8 30. Nxa6 Kf7 31. Re1 Rd7 32. Nb8 Rb7 33. Nc6 Bh6 34. Nd8+ 1-0

[Event "Sant Boi de Llobregat op 4th"]
[Site "Sant Boi de Llobregat"]
[Date "2023.12.05"]
[Round "6"]
[White "Mathieu, Phileas"]
[Black "Koellner, Ruben Gideon"]
[Result "0-1"]
[WhiteElo "2346"]
[BlackElo "2490"]
[PlyCount "74"]
[EventDate "2023.11.30"]
[EventType "swiss"]
[EventRounds "9"]
[EventCountry "ESP"]
[SourceTitle "CB50_2023"]
[SourceDate "2023.12.13"]
[SourceVersion "1"]
[SourceVersionDate "2023.12.13"]
[SourceQuality "1"]

1. e4 e5 2. Nf3 Nc6 3. Bb5 a6 4. Ba4 Nf6 5. 0-0 Bc5 6. c3 b5 7. Bc2 d5 8. a4 dxe4 9. axb5 exf3 10. Qxf3 e4 11. Bxe4 Ne5 12. Qe2 0-0 13. Bxa8 Nd3 14. b4 Re8 15. Qxe8+ Qxe8 16. bxc5 Qxb5 17. Na3 Qxc5 18. Nc2 Qe5 19. Ne3 h5 20. Ra4 c5 21. f3 Qb8 22. Bc6 Qb6 23. Ba8 Qb1 24. Be4 Nxe4 25. Rxe4 Be6 26. Ba3 Qb3 27. Bxc5 Nxc5 28. Rd4 Qb2 29. f4 g6 30. f5 gxf5 31. Nd1 Qb6 32. Ne3 Nb3 33. Rb4 Qc5 34. Rxf5 Bxf5 35. Rxb3 Be6 36. d4 Qg5 37. c4 Bxc4 0-1

[Event "Budapest One Week GM-A"]
[Site "Budapest"]
[Date "2023.08.22"]
[Round "2"]
[White "Mathieu, Phileas"]
[Black "Karacsonyi, Gellert"]
[Result "1-0"]
[WhiteElo "2357"]
[BlackElo "2391"]
[PlyCount "99"]
[EventDate "2023.08.21"]
[EventType "tourn"]
[EventRounds "9"]
[EventCountry "HUN"]
[EventCategory "6"]
[SourceTitle "CBM 215 Extra"]
[Source "ChessBase"]
[SourceDate "2023.09.30"]
[SourceVersion "1"]
[SourceVersionDate "2023.09.30"]
[SourceQuality "1"]

1. e4 e5 2. Nf3 Nf6 3. Nc3 Nc6 4. h3 d5 5. exd5 Nxd5 6. Bb5 Nxc3 7. bxc3 Bd6 8. 0-0 0-0 9. d4 exd4 10. cxd4 h6 11. Re1 Bf5 12. Bd3 Qd7 13. c3 Rfe8 14. Be3 Ne7 15. c4 Bxd3 16. Qxd3 Ng6 17. Rad1 c6 18. Qb3 Qc7 19. c5 Bf4 20. Bxf4 Nxf4 21. Ne5 Ne6 22. Qc3 Red8 23. Nc4 Rd5 24. Ne3 Rd7 25. Nc4 Rd5 26. Ne3 Rd7 27. Nf5 Rad8 28. Nd6 b6 29. Rd3 Nf4 30. Rde3 Ne6 31. Rd1 Rxd6 32. cxd6 Qxd6 33. Red3 Nf4 34. R3d2 Re8 35. Qf3 Re6 36. h4 Nd5 37. g3 Rf6 38. Qg4 Rg6 39. Qc8+ Kh7 40. Qf5 Ne7 41. Qxf7 Rf6 42. Qb3 Nd5 43. Qd3+ Kg8 44. Re1 Rg6 45. Re8+ Kf7 46. Re5 Kg8 47. Kh2 Nf4 48. gxf4 Qf6 49. Kh3 Rg1 50. Qf5 1-0

[Event "Titled Tuesday intern op 18th Jul Early"]
[Site "Chess.com INT"]
[Date "2023.07.18"]
[Round "2"]
[White "Mathieu, Phileas"]
[Black "Joshi, Pankaj"]
[Result "1-0"]
[WhiteElo "2377"]
[BlackElo "2231"]
[PlyCount "37"]
[EventDate "2023.07.18"]
[EventType "swiss (blitz)"]
[EventRounds "11"]
[EventCountry "USA"]
[SourceTitle "EXT 2024"]
[Source "ChessBase"]
[SourceDate "2023.10.10"]
[SourceVersion "1"]
[SourceVersionDate "2023.10.10"]
[SourceQuality "1"]

1. e4 c5 2. Nf3 d6 3. d4 cxd4 4. Qxd4 Nc6 5. Bb5 Bd7 6. Bxc6 Bxc6 7. Nc3 Nf6 8. Bg5 e6 9. 0-0-0 Be7 10. Qd3 0-0 11. Nd4 Rc8 12. f4 a6 13. Kb1 b5 14. f5 b4 15. Nxc6 Rxc6 16. Ne2 e5 17. c4 bxc3 18. Nxc3 Nxe4 19. Qxe4 1-0

[Event "Titled Tuesday intern op 18th Jul Early"]
[Site "Chess.com INT"]
[Date "2023.07.18"]
[Round "9"]
[White "Rian, Kapriaga"]
[Black "Mathieu, Phileas"]
[Result "0-1"]
[WhiteElo "2089"]
[BlackElo "2377"]
[PlyCount "96"]
[EventDate "2023.07.18"]
[EventType "swiss (blitz)"]
[EventRounds "11"]
[EventCountry "USA"]
[SourceTitle "EXT 2024"]
[Source "ChessBase"]
[SourceDate "2023.10.10"]
[SourceVersion "1"]
[SourceVersionDate "2023.10.10"]
[SourceQuality "1"]

1. d4 Nf6 2. Nf3 c5 3. e3 b6 4. Bd3 Bb7 5. 0-0 e6 6. b3 Be7 7. Nbd2 cxd4 8. exd4 d5 9. Bb2 0-0 10. Ne5 Nbd7 11. Qf3 Rc8 12. Qh3 Nxe5 13. dxe5 Ne4 14. f3 f5 15. exf6 Bxf6 16. Bxf6 Nxf6 17. Qxe6+ Kh8 18. Rae1 Qc7 19. Kh1 Qc3 20. Nb1 Qb2 21. Nd2 Qc3 22. Nb1 Qb2 23. Qe7 Rb8 24. Qe5 Qxa2 25. Qf5 Qb2 26. Re7 Ne4 27. Qe5 Qxe5 28. Rxe5 Nc5 29. Rd1 Rbe8 30. Rde1 Rc8 31. Kg1 h6 32. Bg6 a5 33. h4 b5 34. h5 a4 35. bxa4 bxa4 36. Na3 Bc6 37. Re7 Na6 38. Ra7 Ra8 39. Rae7 Nb4 40. Rc7 Rfc8 41. Rce7 d4 42. Rf7 Bd5 43. Rd7 Rd8 44. Rc7 Rac8 45. Rce7 Bg8 46. Ra7 Ra8 47. Ree7 Rxa7 48. Rxa7 d3 0-1

[Event "Titled Tuesday intern op 27th Jun Late"]
[Site "Chess.com INT"]
[Date "2023.06.27"]
[Round "4"]
[White "Perez Torres, Nabi Isaias"]
[Black "Mathieu, Phileas"]
[Result "1-0"]
[WhiteElo "2015"]
[BlackElo "2377"]
[PlyCount "111"]
[EventDate "2023.06.27"]
[EventType "swiss (blitz)"]
[EventRounds "11"]
[EventCountry "USA"]
[SourceTitle "EXT 2024"]
[Source "ChessBase"]
[SourceDate "2023.10.10"]
[SourceVersion "1"]
[SourceVersionDate "2023.10.10"]
[SourceQuality "1"]

1. d4 Nf6 2. c4 g6 3. Nc3 Bg7 4. e4 d6 5. Be2 Na6 6. Nf3 0-0 7. 0-0 e5 8. d5 Nc5 9. Qc2 a5 10. Ne1 Ne8 11. Nd3 b6 12. Be3 f5 13. f3 f4 14. Bf2 g5 15. a3 a4 16. Bxc5 bxc5 17. Nxa4 Nf6 18. b4 cxb4 19. axb4 g4 20. c5 g3 21. h3 Ne8 22. Rfc1 Rf6 23. Bf1 Rh6 24. cxd6 cxd6 25. Qc6 Rb8 26. Qc2 Bd7 27. Nac5 dxc5 28. bxc5 Bxh3 29. gxh3 g2 30. Bxg2 Qh4 31. Qf2 Qh5 32. c6 Rc8 33. Nc5 Nd6 34. Ne6 Rg6 35. Kf1 Bf6 36. Ra7 Bh4 37. Qb2 Bg3 38. Rca1 Nxe4 39. c7 Nd6 40. Qb8 e4 41. Qxc8+ Nxc8 42. Ra8 exf3 43. Rxc8+ Kf7 44. Rf8+ Ke7 45. c8Q fxg2+ 46. Kg1 Bf2+ 47. Kxf2 g1Q+ 48. Rxg1 Qh4+ 49. Ke2 Qh5+ 50. Kd3 Qxd5+ 51. Kc2 Qe4+ 52. Kb3 Qd3+ 53. Kb4 Rxe6 54. Qc5+ Rd6 55. Rg7+ Ke6 56. Re8+ 1-0

[Event "Titled Tuesday intern op 27th Jun Late"]
[Site "Chess.com INT"]
[Date "2023.06.27"]
[Round "1"]
[White "Sanal, Vahap"]
[Black "Mathieu, Phileas"]
[Result "1-0"]
[WhiteElo "2577"]
[BlackElo "2377"]
[PlyCount "105"]
[EventDate "2023.06.27"]
[EventType "swiss (blitz)"]
[EventRounds "11"]
[EventCountry "USA"]
[SourceTitle "EXT 2024"]
[Source "ChessBase"]
[SourceDate "2023.10.10"]
[SourceVersion "1"]
[SourceVersionDate "2023.10.10"]
[SourceQuality "1"]

1. e4 e5 2. Nc3 Nc6 3. Bc4 Nf6 4. d3 Bb4 5. Nge2 d5 6. exd5 Nxd5 7. Bd2 Nxc3 8. bxc3 Bd6 9. 0-0 0-0 10. f4 Kh8 11. f5 Qh4 12. Ng3 f6 13. Ne4 Ne7 14. Be1 Qh6 15. Bd2 Qh4 16. g4 h5 17. Be1 Qxg4+ 18. Qxg4 hxg4 19. Ng3 g6 20. fxg6 Nxg6 21. Bd2 f5 22. Bh6 Rf6 23. Nh5 Be7 24. Bg7+ Kh7 25. Bxf6 Bc5+ 26. d4 exd4 27. cxd4 Bd6 28. Bd3 Kh6 29. Ng7 Nf4 30. Nxf5+ Bxf5 31. Bxf5 Rf8 32. Be5 Rxf5 33. Rxf4 Rxf4 34. Bxf4+ Bxf4 35. Kg2 Kg5 36. Rb1 b6 37. Rb5+ Kf6 38. c4 a6 39. Rh5 Kg6 40. Rd5 Kf6 41. a4 a5 42. c5 Ke6 43. Rh5 Kf6 44. cxb6 cxb6 45. Rb5 Be3 46. Rxb6+ Kf5 47. Rb5+ Ke4 48. Rxa5 Bxd4 49. Rb5 Kd3 50. a5 Kc4 51. Rb7 Kc5 52. a6 Kc6 53. Rh7 1-0

[Event "Titled Tuesday intern op 20th Jun Early"]
[Site "Chess.com INT"]
[Date "2023.06.20"]
[Round "1"]
[White "Mathieu, Phileas"]
[Black "Paravyan, David"]
[Result "0-1"]
[WhiteElo "2377"]
[BlackElo "2612"]
[PlyCount "112"]
[EventDate "2023.06.20"]
[EventType "swiss (blitz)"]
[EventRounds "11"]
[EventCountry "USA"]
[SourceTitle "EXT 2024"]
[Source "ChessBase"]
[SourceDate "2023.10.10"]
[SourceVersion "1"]
[SourceVersionDate "2023.10.10"]
[SourceQuality "1"]

1. e4 e5 2. Nf3 Nf6 3. Nc3 Nc6 4. h3 d5 5. exd5 Nxd5 6. Bb5 Nxc3 7. bxc3 Bd6 8. 0-0 0-0 9. d4 Bd7 10. Re1 Nxd4 11. Nxd4 exd4 12. Bxd7 Qxd7 13. cxd4 Rae8 14. Be3 b5 15. c3 Qc6 16. Qb3 Re4 17. a4 a6 18. axb5 axb5 19. f3 Re7 20. d5 Qd7 21. Bf2 Rxe1+ 22. Rxe1 Re8 23. Rb1 Ra8 24. c4 bxc4 25. Qxc4 h6 26. Qe4 Re8 27. Qc4 Qf5 28. Re1 Rxe1+ 29. Bxe1 Qe5 30. Bc3 Qe3+ 31. Kf1 Qc1+ 32. Kf2 Qc2+ 33. Ke3 Be5 34. d6 Bxc3 35. dxc7 Bd2+ 36. Kd4 Be3+ 37. Kd5 Qf5+ 38. Kc6 Bf4 39. Qxf4 Qxf4 40. c8Q+ Kh7 41. Qg4 Qc1+ 42. Kd5 g6 43. Kd4 Qd2+ 44. Kc4 Qc2+ 45. Kd4 Qd2+ 46. Kc4 h5 47. Qg3 Qe3 48. h4 Kg7 49. Qg5 Qe2+ 50. Kd4 Qf2+ 51. Kd3 f6 52. Qf4 Qf1+ 53. Ke4 Qc4+ 54. Ke3 Qc1+ 55. Ke4 f5+ 56. Kd4 Qxf4+ 0-1

[Event "Titled Tuesday intern op 16th May Early"]
[Site "Chess.com INT"]
[Date "2023.05.16"]
[Round "4"]
[White "Kushko, Dmitriy"]
[Black "Mathieu, Phileas"]
[Result "0-1"]
[WhiteElo "2391"]
[BlackElo "2374"]
[PlyCount "98"]
[EventDate "2023.05.16"]
[EventType "swiss (blitz)"]
[EventRounds "11"]
[EventCountry "USA"]
[SourceTitle "CBM 214 Extra"]
[Source "ChessBase"]
[SourceDate "2023.07.31"]
[SourceVersion "1"]
[SourceVersionDate "2023.07.31"]
[SourceQuality "1"]

1. f4 b6 2. e4 Bb7 3. d3 g6 4. Nf3 Bg7 5. g3 d6 6. Bg2 c5 7. 0-0 Nc6 8. c3 e6 9. d4 Nge7 10. Be3 cxd4 11. cxd4 d5 12. e5 Nf5 13. Bf2 h5 14. Nc3 0-0 15. Re1 Ba6 16. Qa4 Bb7 17. Bf1 a6 18. Rac1 b5 19. Qd1 Qb6 20. h3 Rfc8 21. g4 hxg4 22. hxg4 Nh6 23. Bh3 a5 24. a4 Ba6 25. axb5 Bxb5 26. Nxb5 Qxb5 27. Qd2 a4 28. Rc5 Qb6 29. Rec1 Ne7 30. Bh4 Rxc5 31. dxc5 Qc7 32. Bxe7 Qxe7 33. g5 Nf5 34. Bxf5 gxf5 35. c6 Qc7 36. Qb4 Bf8 37. Qb7 Rc8 38. Qxc7 Rxc7 39. Nd4 Bb4 40. Nb5 Rc8 41. c7 Ba5 42. Rc6 Kf8 43. Ra6 Bd2 44. Ra7 Be3+ 45. Kf1 Bxa7 46. Nxa7 Rxc7 47. Nb5 Rc4 48. Ke2 Rxf4 49. Nd6 Rg4 0-1

[Event "Titled Tuesday intern op 16th May Early"]
[Site "Chess.com INT"]
[Date "2023.05.16"]
[Round "5"]
[White "Mathieu, Phileas"]
[Black "Wagner, Dennis"]
[Result "1/2-1/2"]
[WhiteElo "2374"]
[BlackElo "2595"]
[PlyCount "186"]
[EventDate "2023.05.16"]
[EventType "swiss (blitz)"]
[EventRounds "11"]
[EventCountry "USA"]
[SourceTitle "CBM 214 Extra"]
[Source "ChessBase"]
[SourceDate "2023.07.31"]
[SourceVersion "1"]
[SourceVersionDate "2023.07.31"]
[SourceQuality "1"]

1. e4 e5 2. Nf3 Nc6 3. Bb5 a6 4. Ba4 Nf6 5. 0-0 Nxe4 6. Re1 Nc5 7. Bxc6 dxc6 8. d4 Ne6 9. dxe5 Qxd1 10. Rxd1 Be7 11. Nc3 Bd7 12. Be3 0-0-0 13. Ne4 b6 14. c4 f5 15. exf6 gxf6 16. Ng3 Ng5 17. Nd4 h5 18. h4 Nf7 19. Ndf5 Bf8 20. Bd4 Ne5 21. Ne3 Be6 22. b3 Ba3 23. Ne4 Be7 24. Bb2 Rxd1+ 25. Rxd1 a5 26. f4 Ng4 27. Nxg4 Bxg4 28. Re1 Rf8 29. Bd4 c5 30. Bc3 Kd7 31. Kf2 Bf5 32. Rd1+ Ke6 33. Re1 Bxe4 34. Rxe4+ Kd7 35. g3 f5 36. Re2 Bd6 37. Kf3 Rg8 38. Be5 a4 39. Bxd6 cxd6 40. Rd2 axb3 41. axb3 Ra8 42. Rd5 Ke6 43. Rd3 Ra2 44. Re3+ Kd7 45. Rd3 Rb2 46. Re3 Rc2 47. Rd3 Ke6 48. Ke3 Rb2 49. Kf3 Kd7 50. Ke3 Kc6 51. Kf3 Rc2 52. Ke3 Ra2 53. Kf3 Ra8 54. Rd5 Rf8 55. Ke3 b5 56. Kd3 b4 57. Ke3 Kd7 58. Kf3 Ke6 59. Rd3 Ra8 60. Re3+ Kd7 61. Rd3 Ra2 62. Ke3 Rc2 63. Kf3 Ke6 64. Re3+ Kf6 65. Rd3 Ke7 66. Re3+ Kd7 67. Re2 Rc3+ 68. Re3 Rc1 69. Rd3 Rb1 70. Re3 Rd1 71. Ke2 Rd4 72. Rd3 Rxd3 73. Kxd3 Kc6 74. Ke3 d5 75. Kd3 d4 76. Kd2 Kd6 77. Kd3 Kd7 78. Kd2 Kd8 79. Kd3 Ke7 80. Kd2 Kf6 81. Kd3 Kg6 82. Ke2 Kg7 83. Kd3 Kf7 84. Kd2 Ke7 85. Ke2 Kd6 86. Kf3 Kc6 87. Ke2 Kd6 88. Kd3 Ke6 89. Kd2 Kd6 90. Kc2 Ke6 91. Kd3 Kd6 92. Kd2 Ke6 93. Ke2 Kd6 1/2-1/2

[Event "FRA-ch U18"]
[Site "Agen"]
[Date "2023.04.29"]
[Round "8"]
[White "Mathieu, Phileas"]
[Black "Decker, Thomas"]
[Result "1-0"]
[WhiteElo "2391"]
[BlackElo "2155"]
[PlyCount "63"]
[EventDate "2023.04.23"]
[EventType "swiss"]
[EventRounds "9"]
[EventCountry "FRA"]
[SourceTitle "CBM 214 Extra"]
[Source "ChessBase"]
[SourceDate "2023.07.31"]
[SourceVersion "1"]
[SourceVersionDate "2023.07.31"]
[SourceQuality "1"]

1. e4 c5 2. Nf3 d6 3. d4 cxd4 4. Nxd4 Nf6 5. Nc3 g6 6. Be3 Bg7 7. f3 Nc6 8. Qd2 0-0 9. 0-0-0 d5 10. exd5 Nxd5 11. Nxc6 bxc6 12. Bd4 e5 13. Bc5 Be6 14. Ne4 Re8 15. h4 h6 16. c4 Qc7 17. Qc2 Ne7 18. h5 Nf5 19. hxg6 fxg6 20. Bd3 Rad8 21. Kb1 Bf7 22. Qc1 Rd7 23. g4 Qd8 24. gxf5 Rxd3 25. f6 Bh8 26. Rdg1 h5 27. Rd1 Re6 28. Be7 Qd4 29. Qc2 Rxd1+ 30. Rxd1 Qe3 31. Qc1 Qb6 32. Rd8+ 1-0

[Event "FRA-ch U18"]
[Site "Agen"]
[Date "2023.04.26"]
[Round "5"]
[White "Belgouzia, Emir"]
[Black "Mathieu, Phileas"]
[Result "0-1"]
[WhiteElo "2166"]
[BlackElo "2391"]
[PlyCount "130"]
[EventDate "2023.04.23"]
[EventType "swiss"]
[EventRounds "9"]
[EventCountry "FRA"]
[SourceTitle "CBM 214 Extra"]
[Source "ChessBase"]
[SourceDate "2023.07.31"]
[SourceVersion "1"]
[SourceVersionDate "2023.07.31"]
[SourceQuality "1"]

1. e4 e5 2. Nf3 Nc6 3. Bb5 a6 4. Ba4 Nf6 5. 0-0 b5 6. Bb3 Bc5 7. d3 d6 8. c3 0-0 9. Nbd2 Bb6 10. a4 Bb7 11. Re1 Ne7 12. Nf1 Ng6 13. Ng3 c5 14. Bc2 Re8 15. axb5 axb5 16. Rxa8 Bxa8 17. Nf5 d5 18. Qe2 Qd7 19. Bg5 Qe6 20. g3 c4 21. Bxf6 Qxf6 22. dxc4 dxc4 23. Rd1 Bc5 24. Kg2 Ne7 25. Nxe7+ Qxe7 26. b3 Qe6 27. bxc4 bxc4 28. Ba4 Rb8 29. Bd7 Qg6 30. Bf5 Qb6 31. Nxe5 Re8 32. Nd7 Qb5 33. Nxc5 Qxc5 34. f3 Qxf5 35. Rd8 Qe6 36. Rxe8+ Qxe8 37. Qxc4 h5 38. Qc5 g6 39. Qd4 Bc6 40. c4 Qe6 41. Qd8+ Kh7 42. Qd4 Bd7 43. Kg1 Qc6 44. c5 Qb5 45. Kf2 Kg8 46. h4 Kh7 47. Qc3 Kg8 48. Qd4 Bh3 49. Qc3 Qc6 50. Qd4 Bd7 51. Qc3 Qa4 52. Ke3 Qc6 53. Kf2 Be6 54. Qd4 Bc8 55. Ke3 Kf8 56. Qd8+ Kg7 57. Qd4+ Kh7 58. Kf2 Be6 59. Qc3 Qa4 60. c6 Qa2+ 61. Ke3 Qh2 62. Kf4 g5+ 63. hxg5 h4 64. c7 hxg3 65. c8Q g2+ 0-1

[Event "Lyon ECAM GM"]
[Site "Lyon"]
[Date "2023.04.11"]
[Round "3"]
[White "Mathieu, Phileas"]
[Black "Cheng, Bobby Sky"]
[Result "0-1"]
[WhiteElo "2391"]
[BlackElo "2547"]
[PlyCount "88"]
[EventDate "2023.04.10"]
[EventType "tourn"]
[EventRounds "9"]
[EventCountry "FRA"]
[EventCategory "9"]
[SourceTitle "EXT 2024"]
[Source "ChessBase"]
[SourceDate "2023.10.10"]
[SourceVersion "1"]
[SourceVersionDate "2023.10.10"]
[SourceQuality "1"]

1. e4 c6 2. d4 d5 3. Nd2 dxe4 4. Nxe4 Nf6 5. Nxf6+ exf6 6. c3 Bd6 7. Bd3 0-0 8. Qc2 Re8+ 9. Ne2 h5 10. Be3 Nd7 11. 0-0-0 Nf8 12. Kb1 Be6 13. c4 Rc8 14. Nc3 Bb4 15. Ne4 Be7 16. h3 b5 17. c5 f5 18. Nc3 g6 19. d5 cxd5 20. Bxb5 f4 21. Bxf4 Rxc5 22. Qa4 Bf5+ 23. Ka1 Rxc3 24. Bxe8 Bc2 25. Qxa7 Rc4 26. Rde1 Ne6 27. Bg5 Rc7 28. Bxe7 Qxe8 29. Qa5 Rxe7 30. Qxd5 Ra7 31. Re3 Rd7 32. Qc4 Rd2 33. Rc1 Ba4 34. g4 h4 35. f4 Qb8 36. Qc3 Rh2 37. f5 Nf4 38. fxg6 Nxg6 39. Rf3 Bd7 40. Qf6 Be6 41. Rd1 Qa7 42. a3 Qa4 43. Qd8+ Kg7 44. Qd3 Ne5 0-1

[Event "Lyon ECAM GM"]
[Site "Lyon"]
[Date "2023.04.10"]
[Round "1"]
[White "Mathieu, Phileas"]
[Black "Velten, Paul"]
[Result "0-1"]
[WhiteElo "2391"]
[BlackElo "2488"]
[PlyCount "100"]
[EventDate "2023.04.10"]
[EventType "tourn"]
[EventRounds "9"]
[EventCountry "FRA"]
[EventCategory "9"]
[SourceTitle "EXT 2024"]
[Source "ChessBase"]
[SourceDate "2023.10.10"]
[SourceVersion "1"]
[SourceVersionDate "2023.10.10"]
[SourceQuality "1"]

1. Nf3 d5 2. c4 c6 3. g3 Bg4 4. Bg2 Nd7 5. cxd5 cxd5 6. Nc3 e6 7. 0-0 Ngf6 8. d3 Be7 9. Bf4 0-0 10. a3 a6 11. h3 Bxf3 12. Bxf3 Rc8 13. e4 e5 14. Bg5 dxe4 15. dxe4 h6 16. Bxf6 Nxf6 17. Qb3 Rc7 18. Rfd1 Qc8 19. Kg2 Bc5 20. Rac1 Bd4 21. Ne2 Ba7 22. Qb4 Re8 23. Qd6 Bc5 24. Qd3 Rc6 25. Rc3 Ba7 26. Rdc1 Rxc3 27. Rxc3 Qe6 28. Rc2 g6 29. b4 Kg7 30. Qc4 Qd7 31. Nc1 Re6 32. Nb3 Qa4 33. Na5 Re7 34. Qb3 Qd7 35. Nc4 Qe6 36. Na5 Qb6 37. Nc4 Qd8 38. Rd2 Qc7 39. Rc2 Bd4 40. b5 axb5 41. Qxb5 Re6 42. a4 Rc6 43. Qb3 Nd7 44. a5 Nc5 45. Qa3 Ra6 46. h4 h5 47. Rc1 b5 48. axb6 Qxb6 49. Nxb6 Rxa3 50. Rc2 Nd3 0-1

[Event "Titled Tuesday intern op 07th Feb Early"]
[Site "Chess.com INT"]
[Date "2023.02.07"]
[Round "8"]
[White "Mathieu, Phileas"]
[Black "Sherman, Reem"]
[Result "0-1"]
[WhiteElo "2400"]
[BlackElo "2151"]
[PlyCount "112"]
[EventDate "2023.02.07"]
[EventType "swiss (blitz)"]
[EventRounds "11"]
[EventCountry "USA"]
[SourceTitle "EXT 2024"]
[Source "ChessBase"]
[SourceDate "2023.10.10"]
[SourceVersion "1"]
[SourceVersionDate "2023.10.10"]
[SourceQuality "1"]

1. e4 c6 2. Nc3 d5 3. Nf3 dxe4 4. Nxe4 Nf6 5. Neg5 h6 6. Nxf7 Kxf7 7. Ne5+ Ke8 8. Bd3 Qd5 9. Bg6+ Kd8 10. Nf7+ Kc7 11. 0-0 Rg8 12. d4 Bf5 13. Bf4+ Kc8 14. c4 Qe4 15. Bxf5+ Qxf5 16. Bg3 Nbd7 17. d5 c5 18. Re1 Ne4 19. Rxe4 Qxe4 20. b4 Qf5 21. bxc5 Nxc5 22. Qd4 Nd7 23. c5 Qf6 24. Ne5 g5 25. c6 Nb6 26. Qg4+ e6 27. dxe6 Be7 28. cxb7+ Kxb7 29. Qe4+ Ka6 30. Qd3+ Kb7 31. Rb1 Rac8 32. Qe4+ Ka6 33. Nd7 Qc3 34. a4 Qc1+ 35. Qe1 Qxe1+ 36. Rxe1 Nxa4 37. Ra1 Kb5 38. h3 Rcd8 39. Rb1+ Ka5 40. Rb7 Nb6 41. Rxa7+ Kb5 42. Ne5 Rd1+ 43. Kh2 Bd6 44. Rb7 Re8 45. Rxb6+ Kxb6 46. Nc4+ Kc6 47. Nxd6 Rxd6 48. Bxd6 Kxd6 49. Kg3 Kxe6 50. Kg4 Kf6 51. g3 Re4+ 52. f4 Kf7 53. Kf3 Rc4 54. Kg4 Kg6 55. h4 h5+ 56. Kf3 g4+ 0-1

[Event "Titled Tuesday intern op 27th Dec Early"]
[Site "Chess.com INT"]
[Date "2022.12.27"]
[Round "6"]
[White "Kilic, Eray"]
[Black "Mathieu, Phileas"]
[Result "1-0"]
[WhiteElo "2418"]
[BlackElo "2367"]
[PlyCount "113"]
[EventDate "2022.12.27"]
[EventType "swiss (blitz)"]
[EventRounds "11"]
[EventCountry "USA"]
[SourceTitle "EXT 2024"]
[Source "ChessBase"]
[SourceDate "2023.10.10"]
[SourceVersion "1"]
[SourceVersionDate "2023.10.10"]
[SourceQuality "1"]

1. e4 c5 2. Nf3 e6 3. d4 cxd4 4. Nxd4 Nc6 5. Nc3 a6 6. g3 Qc7 7. Bg2 Bc5 8. Nb3 Be7 9. 0-0 b5 10. Re1 Bb7 11. Nd5 exd5 12. exd5 Kf8 13. Bf4 d6 14. dxc6 Bxc6 15. Bxc6 Qxc6 16. Nd4 Qd5 17. c3 g5 18. Bd2 Rc8 19. Qh5 h6 20. Qh3 Rc7 21. Rad1 Nf6 22. Nf5 Qf3 23. Bxg5 Ng4 24. Bxe7+ Rxe7 25. Nxe7 Qxf2+ 26. Kh1 Qf3+ 27. Kg1 Qf2+ 28. Kh1 Qf3+ 29. Qg2 Nf2+ 30. Kg1 Qxg2+ 31. Kxg2 Nxd1 32. Nf5 Nxb2 33. Nxd6 Kg7 34. Re7 Rd8 35. Nxf7 Rd3 36. Ne5+ Kf6 37. Nxd3 Nxd3 38. Ra7 Nc5 39. h4 Ke5 40. Kh3 Na4 41. g4 Nxc3 42. Rxa6 Kf4 43. Ra3 b4 44. Rb3 Nd5 45. Rb1 Kf3 46. Rf1+ Ke2 47. Rf8 Ke3 48. g5 hxg5 49. hxg5 b3 50. axb3 Ne7 51. Re8 Kf4 52. Rxe7 Kxg5 53. Rf7 Kg6 54. Rf1 Kg5 55. b4 Kh5 56. b5 Kg5 57. b6 1-0